000 00530nam a2200193Ia 4500
003 OSt
005 20240603123146.0
008 210210b1981 xxu||||| |||| 00| 0 eng d
040 _cAL
041 _aKannada
082 _aK894.3 USHH
100 _aUSHA NAVARATNARAM.
_9131625
_dಉಷಾ ನವರತ್ನರಾಂ
245 _aHagaluganasu.
_bಹಗಲುಗನಸು
260 _aBengaluru
_bShri Rajalakshmi Prakashana
_c1981
300 _a290
690 _aKannada Fiction
_9131626
906 _a035712
942 _2ddc
_cBK
999 _c86456
_d86456